00552cam a2200181 i 4500020001800000020001500018041000800033082001600041100002300057245007000080260004000150300001600190650001700206650002100223942000700244952010200251999001700353 a9788171202591 a8171202594 aENG a294.56bTAP0 aTapasyananda,Swami10aŚrī Caitanya Mahāprabhu : His Life, Religion and Philosophy aChennaibSri Ramakrishna Mathc2016 a129 pages ; 0aVaishnavites 0aChaitanya (Sect) cBK 00104070aHMIbHMIcGENd2023-06-14g45.00l0o294.56 TAPp11004692r2026-01-16w2026-01-16yBK c23312d23312